[Event "17. Obert Int. Sant Marti 2015 - B"]
[Site "Barcelona ESP"]
[Date "2015.07.16"]
[Round "4.11"]
[White "Gonzalez Moreno, Antoni"]
[Black "Pla Carulla, Joaquim"]
[Result "0-1"]
[WhiteElo "1945"]
[BlackElo "2034"]
[PlyCount "74"]
[EventDate "2015.07.13"]
[EventType "swiss"]
[EventRounds "9"]
[EventCountry "ESP"]
[SourceTitle "Ajedrez en Madrid"]
[Source "lmi"]
[SourceDate "2015.07.13"]
[SourceVersion "1"]
[SourceVersionDate "2019.06.21"]
[SourceQuality "1"]

1. c4 e5 2. Nc3 d6 3. g3 f5 4. e3 Nf6 5. Nge2 Bd7 6. d4 e4 7. Nf4 Nc6 8. Be2 g6
9. a3 a5 10. b3 Bg7 11. Bb2 O-O 12. O-O Re8 13. Qc2 Ne7 14. Rfd1 c6 15. d5 c5
16. Qd2 g5 17. Ne6 Bxe6 18. dxe6 Nc8 19. Nd5 Rxe6 20. Nxf6+ Bxf6 21. Bxf6 Qxf6
22. b4 axb4 23. Qc1 g4 24. axb4 Rxa1 25. Qxa1 Qxa1 26. Rxa1 Re7 27. Ra8 Rc7 28.
b5 Kf7 29. Kf1 Nb6 30. Ra1 Ke6 31. Rd1 Rd7 32. Ke1 d5 33. cxd5+ Rxd5 34. Rxd5
Kxd5 35. Kd2 c4 36. Kc3 Kc5 37. Bf1 Nd5+ 0-1

[Event "17. Obert Int. Sant Marti 2015 - B"]
[Site "Barcelona ESP"]
[Date "2015.07.16"]
[Round "4.12"]
[White "Muratet Carmona, Julia"]
[Black "Garcia Clemente, Julian Francisco"]
[Result "0-1"]
[WhiteElo "1942"]
[BlackElo "2031"]
[PlyCount "134"]
[EventDate "2015.07.13"]
[EventType "swiss"]
[EventRounds "9"]
[EventCountry "ESP"]
[SourceTitle "Ajedrez en Madrid"]
[Source "lmi"]
[SourceDate "2015.07.13"]
[SourceVersion "1"]
[SourceVersionDate "2019.06.21"]
[SourceQuality "1"]

1. e4 c5 2. Nf3 Nc6 3. d4 cxd4 4. Nxd4 g6 5. Nc3 Bg7 6. Be3 Nf6 7. Bc4 O-O 8.
Bb3 Ng4 9. Qxg4 Nxd4 10. Qd1 Nxb3 11. axb3 a6 12. Nd5 d6 13. Bb6 Qd7 14. Bd4
Rb8 15. Bxg7 Kxg7 16. Qd4+ f6 17. Qa7 Qg4 18. Qxb8 Qxe4+ 19. Ne3 Bh3 20. Qa7
Bxg2 21. Ra4 Qe5 22. Rg1 Bc6 23. Rh4 Bf3 24. Qd4 Qa5+ 25. b4 Qa1+ 26. Nd1 Rc8
27. Qd3 Bxd1 28. Qxd1 Qxb2 29. c4 Qxb4+ 30. Kf1 Rxc4 31. Rxc4 Qxc4+ 32. Kg2
Qc6+ 33. f3 Qb5 34. Re1 Qd7 35. Qd5 e5 36. Rd1 Qf5 37. Qxb7+ Kh6 38. Rxd6 Qg5+
39. Kf1 Qc1+ 40. Ke2 Qc2+ 41. Rd2 Qc4+ 42. Kf2 Qh4+ 43. Kf1 Qc4+ 44. Kg2 Qf4
45. Qd7 f5 46. Qd6 Qg5+ 47. Kh1 Qf4 48. Rf2 Kh5 49. Qxa6 e4 50. Qf1 e3 51. Re2
g5 52. Qh3+ Kg6 53. Rc2 Qd6 54. Qf1 f4 55. Qe2 Qd5 56. Qa6+ Kh5 57. Qf1 g4 58.
Kg2 Kg5 59. h3 h5 60. Rb2 Kh4 61. hxg4 hxg4 62. Qe1+ Kg5 63. Qf1 Kh4 64. Qe2
Qc6 65. Rc2 Qd5 66. Qf1 Qf5 67. Qh1+ Kg5 0-1

[Event "17. Obert Int. Sant Marti 2015 - B"]
[Site "Barcelona ESP"]
[Date "2015.07.16"]
[Round "4.13"]
[White "Salvador Muñoz, Josep M|_"]
[Black "Poyato Ruiz, Fernando"]
[Result "1/2-1/2"]
[WhiteElo "1936"]
[BlackElo "2024"]
[PlyCount "75"]
[EventDate "2015.07.13"]
[EventType "swiss"]
[EventRounds "9"]
[EventCountry "ESP"]
[SourceTitle "Ajedrez en Madrid"]
[Source "lmi"]
[SourceDate "2015.07.13"]
[SourceVersion "1"]
[SourceVersionDate "2019.06.21"]
[SourceQuality "1"]

1. e4 e6 2. d4 d5 3. exd5 exd5 4. Bd3 Bd6 5. Nf3 Ne7 6. c3 c6 7. Be3 O-O 8. O-O
Bf5 9. Qc2 Bxd3 10. Qxd3 Nd7 11. Nbd2 Re8 12. Rfe1 Ng6 13. Nf1 Ndf8 14. Qd2 Qd7
15. Ng3 Ne6 16. Rad1 Nef4 17. Qc2 Qg4 18. Qf5 Qxf5 19. Nxf5 Bc7 20. Bc1 Rxe1+
21. Nxe1 Re8 22. Nf3 Re2 23. Rd2 f6 24. Kf1 Re6 25. g3 Nh3 26. Re2 Rxe2 27.
Kxe2 Kf7 28. Kf1 h6 29. Ne1 Ne7 30. Nxe7 Kxe7 31. f4 g5 32. Kg2 g4 33. Nc2 h5
34. Ne3 Ke6 35. b3 Bd6 36. Bb2 Be7 37. Bc1 b6 38. Bb2 1/2-1/2

[Event "17. Obert Int. Sant Marti 2015 - B"]
[Site "Barcelona ESP"]
[Date "2015.07.16"]
[Round "4.14"]
[White "Pascual Gonzalez-Novelles, Carles"]
[Black "Carrey Abellan, Enric"]
[Result "1-0"]
[WhiteElo "1931"]
[BlackElo "2022"]
[PlyCount "53"]
[EventDate "2015.07.13"]
[EventType "swiss"]
[EventRounds "9"]
[EventCountry "ESP"]
[SourceTitle "Ajedrez en Madrid"]
[Source "lmi"]
[SourceDate "2015.07.13"]
[SourceVersion "1"]
[SourceVersionDate "2019.06.21"]
[SourceQuality "1"]

1. e4 c5 2. Nc3 Nc6 3. g3 g6 4. Bg2 Bg7 5. f4 d6 6. d3 e6 7. Nf3 Nge7 8. O-O
O-O 9. Qe1 Nd4 10. Nxd4 Bxd4+ 11. Be3 Nc6 12. Bxd4 Nxd4 13. Qd2 Qa5 14. a3 Rb8
15. h3 b5 16. Kh2 Bb7 17. b4 cxb4 18. Ne2 Nc6 19. axb4 Qxb4 20. Qxb4 Nxb4 21.
Rfb1 Nxc2 22. Rxa7 b4 23. Rb2 Rfc8 24. Raa2 Ne1 25. Rxb4 Nxg2 26. Kxg2 Bxe4+
27. Rxe4 1-0

[Event "17. Obert Int. Sant Marti 2015 - B"]
[Site "Barcelona ESP"]
[Date "2015.07.16"]
[Round "4.15"]
[White "Martinez Hernandez, Emili"]
[Black "Sanchez Esteban, Emilio"]
[Result "1/2-1/2"]
[WhiteElo "2018"]
[BlackElo "1947"]
[PlyCount "33"]
[EventDate "2015.07.13"]
[EventType "swiss"]
[EventRounds "9"]
[EventCountry "ESP"]
[SourceTitle "Ajedrez en Madrid"]
[Source "lmi"]
[SourceDate "2015.07.13"]
[SourceVersion "1"]
[SourceVersionDate "2019.06.21"]
[SourceQuality "1"]

1. c4 e6 2. g3 d5 3. Bg2 Nf6 4. Nf3 Be7 5. O-O O-O 6. cxd5 exd5 7. d4 c6 8. Qc2
Nbd7 9. b3 Re8 10. Bb2 Nf8 11. Nc3 Ng6 12. a3 Be6 13. Ng5 Bd7 14. Nf3 Be6 15.
Ng5 Bd7 16. Nf3 Be6 17. Ng5 1/2-1/2

[Event "17. Obert Int. Sant Marti 2015 - B"]
[Site "Barcelona ESP"]
[Date "2015.07.16"]
[Round "4.16"]
[White "Corominas Garrido, Jordi"]
[Black "Ayza Casamitjana, Antoni"]
[Result "0-1"]
[WhiteElo "2017"]
[BlackElo "1945"]
[PlyCount "49"]
[EventDate "2015.07.13"]
[EventType "swiss"]
[EventRounds "9"]
[EventCountry "ESP"]
[SourceTitle "Ajedrez en Madrid"]
[Source "lmi"]
[SourceDate "2015.07.13"]
[SourceVersion "1"]
[SourceVersionDate "2019.06.21"]
[SourceQuality "1"]

1. c4 Nf6 2. Nf3 e6 3. g3 d5 4. Bg2 c6 5. b3 Be7 6. Bb2 O-O 7. O-O Ne4 8. d3
Bf6 9. Ne5 Nd6 10. Qc2 Nd7 11. d4 Be7 12. Nd2 Nxe5 13. dxe5 Nf5 14. Nf3 Qb6 15.
e4 Nh6 16. exd5 exd5 17. cxd5 cxd5 18. Bd4 Qa6 19. Rfc1 Ba3 20. Bc5 Bf5 21. Qd1
Bxc1 22. Bxf8 Bb2 23. Bf1 Qb6 24. Bd6 Ng4 25. Bg2 0-1

[Event "17. Obert Int. Sant Marti 2015 - B"]
[Site "Barcelona ESP"]
[Date "2015.07.16"]
[Round "4.17"]
[White "Escofet Llongueras, Joan"]
[Black "Corominas Garrido, Antoni"]
[Result "1/2-1/2"]
[WhiteElo "1921"]
[BlackElo "2011"]
[PlyCount "50"]
[EventDate "2015.07.13"]
[EventType "swiss"]
[EventRounds "9"]
[EventCountry "ESP"]
[SourceTitle "Ajedrez en Madrid"]
[Source "lmi"]
[SourceDate "2015.07.13"]
[SourceVersion "1"]
[SourceVersionDate "2019.06.21"]
[SourceQuality "1"]

1. c4 Nf6 2. Nc3 c5 3. g3 g6 4. Bg2 Bg7 5. e4 Nc6 6. Nge2 O-O 7. O-O d6 8. d4
cxd4 9. Nxd4 Nxd4 10. Qxd4 a6 11. h3 Rb8 12. Qd3 Bd7 13. Be3 Bc6 14. Rac1 Nd7
15. Rfd1 Qa5 16. b4 Qxb4 17. Nd5 Bxd5 18. cxd5 Qa5 19. Rc2 Rfc8 20. Rdc1 Rxc2
21. Qxc2 Qd8 22. Qc7 Nf8 23. Qxd8 Rxd8 24. Rc7 Rd7 25. Rc8 e6 1/2-1/2

[Event "17. Obert Int. Sant Marti 2015 - B"]
[Site "Barcelona ESP"]
[Date "2015.07.16"]
[Round "4.18"]
[White "Vicente Soriano, Josep"]
[Black "Cespedes Llaverias, Llibert"]
[Result "1/2-1/2"]
[WhiteElo "2006"]
[BlackElo "1940"]
[PlyCount "42"]
[EventDate "2015.07.13"]
[EventType "swiss"]
[EventRounds "9"]
[EventCountry "ESP"]
[SourceTitle "Ajedrez en Madrid"]
[Source "lmi"]
[SourceDate "2015.07.13"]
[SourceVersion "1"]
[SourceVersionDate "2019.06.21"]
[SourceQuality "1"]

1. e4 e6 2. d4 d5 3. Nc3 Bb4 4. e5 Ne7 5. a3 Bxc3+ 6. bxc3 c5 7. f4 Nbc6 8. Nf3
Nf5 9. Bd3 Nh4 10. O-O c4 11. Be2 Nxf3+ 12. Bxf3 Ne7 13. Qe1 h5 14. Qh4 Nf5 15.
Qxd8+ Kxd8 16. Bd2 Bd7 17. a4 b6 18. Rfb1 Kc7 19. Kf2 g6 20. Bc1 Bc6 21. Bd2
Kd7 1/2-1/2

[Event "17. Obert Int. Sant Marti 2015 - B"]
[Site "Barcelona ESP"]
[Date "2015.07.16"]
[Round "4.19"]
[White "Gonzalez Martin, Fernando"]
[Black "Maynat Diaz, Jose Antonio"]
[Result "1/2-1/2"]
[WhiteElo "1921"]
[BlackElo "2003"]
[PlyCount "111"]
[EventDate "2015.07.13"]
[EventType "swiss"]
[EventRounds "9"]
[EventCountry "ESP"]
[SourceTitle "Ajedrez en Madrid"]
[Source "lmi"]
[SourceDate "2015.07.13"]
[SourceVersion "1"]
[SourceVersionDate "2019.06.21"]
[SourceQuality "1"]

1. d4 d5 2. c4 dxc4 3. Nf3 Nf6 4. g3 e6 5. Bg2 Bb4+ 6. Nc3 c5 7. O-O O-O 8.
dxc5 Bxc5 9. Qa4 Bd7 10. Qxc4 Qc7 11. Qh4 Bc6 12. Bf4 Bd6 13. Bxd6 Qxd6 14.
Rfd1 Qc5 15. Rac1 Qh5 16. Qxh5 Nxh5 17. e4 Nf6 18. Nd4 a6 19. h3 e5 20. Nf5 Re8
21. Nd5 Bxd5 22. exd5 g6 23. Nd6 Rf8 24. Nxb7 Nbd7 25. Nc5 Nxc5 26. Rxc5 Rfd8
27. b3 Rd6 28. Bf1 a5 29. a4 Ne4 30. Rc6 Rad8 31. Rxd6 Rxd6 32. Bc4 Kf8 33. Re1
Ng5 34. Kg2 f6 35. h4 Nf7 36. Rd1 Rb6 37. Rc1 Nd6 38. f3 Rb4 39. Kf2 Ke7 40. g4
Nxc4 41. Rxc4 Rxb3 42. Rc5 Rb2+ 43. Kg3 Kd6 44. Rxa5 Rb3 45. Ra6+ Kxd5 46. Rxf6
e4 47. Kf2 exf3 48. Rxf3 Rb4 49. a5 Rxg4 50. Ra3 Rxh4 51. a6 Rf4+ 52. Kg3 Rf8
53. Kg4 Kc6 54. Kg5 Kb6 55. a7 Kb7 56. Kh6 1/2-1/2

[Event "17. Obert Int. Sant Marti 2015 - B"]
[Site "Barcelona ESP"]
[Date "2015.07.16"]
[Round "4.20"]
[White "Julia Yebra, David"]
[Black "Padilla Carmona, Francesc"]
[Result "1-0"]
[WhiteElo "2002"]
[BlackElo "1937"]
[PlyCount "53"]
[EventDate "2015.07.13"]
[EventType "swiss"]
[EventRounds "9"]
[EventCountry "ESP"]
[SourceTitle "Ajedrez en Madrid"]
[Source "lmi"]
[SourceDate "2015.07.13"]
[SourceVersion "1"]
[SourceVersionDate "2019.06.21"]
[SourceQuality "1"]

1. c4 e5 2. Nc3 Nc6 3. g3 Nf6 4. Bg2 Bb4 5. a3 Bxc3 6. bxc3 d6 7. Rb1 O-O 8.
Nf3 Rb8 9. O-O Bf5 10. d3 Qd7 11. e4 Bh3 12. Bg5 Bxg2 13. Kxg2 Ne8 14. Nh4 h6
15. Be3 b6 16. Nf5 Nf6 17. f4 Ne7 18. fxe5 Nxf5 19. Rxf5 dxe5 20. Qf1 Ng4 21.
Bd2 Rbd8 22. Rf3 f5 23. Re1 fxe4 24. Rxe4 Rxf3 25. Qxf3 Rf8 26. Qxg4 Qxd3 27.
Qe2 1-0

[Event "17. Obert Int. Sant Marti 2015 - B"]
[Site "Barcelona ESP"]
[Date "2015.07.16"]
[Round "4.21"]
[White "Fernandez Pintado, Xavier"]
[Black "Ramos Alvarez, Maximo"]
[Result "1-0"]
[WhiteElo "1906"]
[BlackElo "2002"]
[PlyCount "57"]
[EventDate "2015.07.13"]
[EventType "swiss"]
[EventRounds "9"]
[EventCountry "ESP"]
[SourceTitle "Ajedrez en Madrid"]
[Source "lmi"]
[SourceDate "2015.07.13"]
[SourceVersion "1"]
[SourceVersionDate "2019.06.21"]
[SourceQuality "1"]

1. d4 Nf6 2. c4 e6 3. Nc3 Bb4 4. Bd2 c5 5. a3 cxd4 6. axb4 dxc3 7. Bxc3 O-O 8.
Nf3 d5 9. e3 dxc4 10. Qc2 b5 11. Ng5 g6 12. Ne4 Nxe4 13. Qxe4 Qd5 14. Qf4 f6
15. Be2 Bb7 16. Bf3 Qd7 17. Rd1 Qe7 18. O-O Bxf3 19. Qxf3 Qc7 20. Rd2 Nd7 21.
Rfd1 Nb6 22. h4 Nd5 23. h5 Nxc3 24. Rd7 Qe5 25. Qb7 Ne2+ 26. Kf1 Qxh5 27. Rg7+
Kh8 28. Rdd7 Ng3+ 29. fxg3 1-0

[Event "17. Obert Int. Sant Marti 2015 - B"]
[Site "Barcelona ESP"]
[Date "2015.07.16"]
[Round "4.22"]
[White "Sobrevia Castellar, Lluis"]
[Black "Rius Riu, Gerard"]
[Result "1/2-1/2"]
[WhiteElo "1999"]
[BlackElo "1936"]
[PlyCount "140"]
[EventDate "2015.07.13"]
[EventType "swiss"]
[EventRounds "9"]
[EventCountry "ESP"]
[SourceTitle "Ajedrez en Madrid"]
[Source "lmi"]
[SourceDate "2015.07.13"]
[SourceVersion "1"]
[SourceVersionDate "2019.06.21"]
[SourceQuality "1"]

1. e4 c6 2. d4 d5 3. e5 Bf5 4. Ne2 e6 5. Ng3 Ne7 6. c3 Qb6 7. Nd2 Bg6 8. f4 h5
9. h4 Nf5 10. Nxf5 Bxf5 11. Nf3 c5 12. Qb3 c4 13. Qxb6 axb6 14. Be2 Be7 15. Bd2
Nc6 16. Kf2 O-O 17. Ng5 g6 18. g4 hxg4 19. h5 gxh5 20. Rxh5 Bg6 21. Rh4 Bxg5
22. fxg5 Kg7 23. Bxg4 Rh8 24. Rh6 Ne7 25. Rah1 Nf5 26. Rxh8 Rxh8 27. Rxh8 Kxh8
28. a4 Ne7 29. Bd1 Nc6 30. b3 Bd3 31. bxc4 Bxc4 32. Bc1 b5 33. axb5 Bxb5 34.
Kg3 Kg7 35. Bc2 Be2 36. Kf4 Ne7 37. Ba3 Ng6+ 38. Ke3 Bc4 39. Bd6 b5 40. Kd2 Nh4
41. Be7 Ng6 42. Bf6+ Kf8 43. Ke3 Ke8 44. Bd1 Kf8 45. Kf3 Bd3 46. Kg4 Kg8 47.
Bd8 Kf8 48. Kh5 Ne7 49. Bxe7+ Kxe7 50. Kh6 Kf8 51. Bh5 Bf1 52. g6 fxg6 53. Kxg6
Ke7 54. Kg7 Bd3 55. Kh6 Bc4 56. Kg5 Bd3 57. Kf4 Kd7 58. Ke3 Bc4 59. Kd2 Kc7 60.
Kc2 Kd7 61. Kb2 Bd3 62. Ka3 Bc4 63. Kb4 Bd3 64. Kc5 Bc4 65. Bf3 Kc7 66. Bg4 Kd7
67. Kb6 Bd3 68. Bh3 Bc4 69. Bg2 Bd3 70. Kc5 Bc4 1/2-1/2

[Event "17. Obert Int. Sant Marti 2015 - B"]
[Site "Barcelona ESP"]
[Date "2015.07.16"]
[Round "4.23"]
[White "Mañosas Vila, Ester"]
[Black "Riera Danes, Manel"]
[Result "0-1"]
[WhiteElo "1895"]
[BlackElo "1996"]
[PlyCount "42"]
[EventDate "2015.07.13"]
[EventType "swiss"]
[EventRounds "9"]
[EventCountry "ESP"]
[SourceTitle "Ajedrez en Madrid"]
[Source "lmi"]
[SourceDate "2015.07.13"]
[SourceVersion "1"]
[SourceVersionDate "2019.06.21"]
[SourceQuality "1"]

1. e4 c5 2. Nc3 Nc6 3. g3 g6 4. Bg2 Bg7 5. d3 d6 6. Be3 e6 7. Qd2 Rb8 8. Nf3
Nd4 9. Nd1 Ne7 10. c3 Nxf3+ 11. Bxf3 b5 12. a3 O-O 13. Bh6 Bb7 14. Bxg7 Kxg7
15. h4 h6 16. Ne3 f5 17. Rd1 Ng8 18. Ng2 Qf6 19. Nf4 Ne7 20. h5 g5 21. Ne2 fxe4
0-1

[Event "17. Obert Int. Sant Marti 2015 - B"]
[Site "Barcelona ESP"]
[Date "2015.07.16"]
[Round "4.24"]
[White "Espadero Roda, Francesc"]
[Black "Collell Rodriguez, Victor"]
[Result "0-1"]
[WhiteElo "1862"]
[BlackElo "1987"]
[PlyCount "72"]
[EventDate "2015.07.13"]
[EventType "swiss"]
[EventRounds "9"]
[EventCountry "ESP"]
[SourceTitle "Ajedrez en Madrid"]
[Source "lmi"]
[SourceDate "2015.07.13"]
[SourceVersion "1"]
[SourceVersionDate "2019.06.21"]
[SourceQuality "1"]

1. d4 Nf6 2. c4 c5 3. d5 b5 4. b3 g6 5. Bb2 Bg7 6. e4 d6 7. Be2 O-O 8. Nd2 Qa5
9. Qc2 e6 10. f4 exd5 11. cxd5 Re8 12. Bc3 b4 13. Bb2 Nxe4 14. Bxg7 Nxd2 15.
Qxd2 Kxg7 16. O-O-O Bf5 17. Nf3 Qa3+ 18. Qb2+ Qxb2+ 19. Kxb2 Rxe2+ 20. Rd2
Rxd2+ 21. Nxd2 Nd7 22. h3 Re8 23. g4 Bd3 24. a4 Re2 25. Kc1 Nb6 26. h4 Nxd5 27.
Rf1 Nc3 28. Rf3 Be4 29. Rf1 d5 30. h5 c4 31. Nxe4 Nxe4 32. bxc4 Ra2 33. Rf3
dxc4 34. g5 gxh5 35. f5 c3 36. Rf4 Re2 0-1

[Event "17. Obert Int. Sant Marti 2015 - B"]
[Site "Barcelona ESP"]
[Date "2015.07.16"]
[Round "4.25"]
[White "Romero Funieles, Rafael De Jesus"]
[Black "Aparici Dealbert, Manel"]
[Result "1/2-1/2"]
[WhiteElo "1893"]
[BlackElo "1988"]
[PlyCount "78"]
[EventDate "2015.07.13"]
[EventType "swiss"]
[EventRounds "9"]
[EventCountry "ESP"]
[SourceTitle "Ajedrez en Madrid"]
[Source "lmi"]
[SourceDate "2015.07.13"]
[SourceVersion "1"]
[SourceVersionDate "2019.06.21"]
[SourceQuality "1"]

1. e4 c5 2. Nf3 Nc6 3. Bc4 g6 4. O-O Bg7 5. c3 Nf6 6. e5 Ng4 7. Bxf7+ Kf8 8.
Bb3 Ngxe5 9. d4 cxd4 10. Nxe5 Nxe5 11. cxd4 Nf7 12. Qf3 Bf6 13. Nc3 Kg7 14.
Bxf7 Kxf7 15. Ne4 Kg7 16. Be3 Rf8 17. Qf4 d5 18. Qh6+ Kg8 19. Ng5 Bxg5 20. Qxg5
Rf5 21. Qg3 Bd7 22. b3 Rc8 23. Bg5 Qf8 24. Rae1 e6 25. Re5 Rxe5 26. dxe5 Rc2
27. a4 Qf5 28. Bf6 Bc6 29. Qe3 Qh5 30. Qxa7 Kf7 31. Qb8 g5 32. Qc7+ Kg6 33.
Qg7+ Kf5 34. h3 g4 35. hxg4+ Qxg4 36. Qxh7+ Qg6 37. Qh3+ Qg4 38. Qd3+ Qe4 39.
Qh3+ Qg4 1/2-1/2

[Event "17. Obert Int. Sant Marti 2015 - B"]
[Site "Barcelona ESP"]
[Date "2015.07.16"]
[Round "4.26"]
[White "Catala Ulied, Bernat"]
[Black "Ferre Navarro, Joan"]
[Result "1/2-1/2"]
[WhiteElo "1977"]
[BlackElo "1912"]
[PlyCount "82"]
[EventDate "2015.07.13"]
[EventType "swiss"]
[EventRounds "9"]
[EventCountry "ESP"]
[SourceTitle "Ajedrez en Madrid"]
[Source "lmi"]
[SourceDate "2015.07.13"]
[SourceVersion "1"]
[SourceVersionDate "2019.06.21"]
[SourceQuality "1"]

1. e4 g6 2. Nf3 Bg7 3. d4 d6 4. c4 Bg4 5. Be2 Nd7 6. O-O c5 7. d5 Ngf6 8. Nc3
Nb6 9. e5 dxe5 10. Nxe5 Bxe2 11. Qxe2 Nfd7 12. Bf4 O-O 13. Rfe1 Re8 14. b3 a6
15. Rac1 Nc8 16. Nxd7 Qxd7 17. Be5 Bxe5 18. Qxe5 Qd6 19. Qxd6 Nxd6 20. Na4 Rac8
21. Nb6 Rc7 22. Re5 Kg7 23. Rce1 Kf6 24. f4 Kg7 25. g4 Kf6 26. h4 h6 27. a4 a5
28. Kg2 Kg7 29. Kg3 Kf6 30. h5 gxh5 31. Rxh5 Rh8 32. g5+ Kg6 33. Kg4 Rh7 34.
Reh1 Nf5 35. gxh6 Rxh6 36. Rg5+ Kh7 37. Rxh6+ Nxh6+ 38. Kf3 f6 39. Rg2 Nf5 40.
Ke4 Nd6+ 41. Kd3 Nf5 1/2-1/2

[Event "17. Obert Int. Sant Marti 2015 - B"]
[Site "Barcelona ESP"]
[Date "2015.07.16"]
[Round "4.27"]
[White "Bernat Pascual, Magí"]
[Black "Gonzalez Jurado, Jesus"]
[Result "1/2-1/2"]
[WhiteElo "1850"]
[BlackElo "1966"]
[PlyCount "71"]
[EventDate "2015.07.13"]
[EventType "swiss"]
[EventRounds "9"]
[EventCountry "ESP"]
[SourceTitle "Ajedrez en Madrid"]
[Source "lmi"]
[SourceDate "2015.07.13"]
[SourceVersion "1"]
[SourceVersionDate "2019.06.21"]
[SourceQuality "1"]

1. d4 Nf6 2. c4 d6 3. Nc3 g6 4. Nf3 Bg7 5. Bf4 O-O 6. g3 c6 7. Bg2 Bf5 8. O-O
Qc8 9. Re1 Bh3 10. e4 Bxg2 11. Kxg2 Rd8 12. d5 Na6 13. Rc1 Qd7 14. Qe2 c5 15.
e5 Ne8 16. e6 fxe6 17. Qxe6+ Qxe6 18. Rxe6 Bf8 19. Rce1 Ng7 20. R6e4 Nh5 21.
Bg5 Nf6 22. Re6 Rd7 23. Bxf6 exf6 24. Rxf6 Kg7 25. Rfe6 Nc7 26. R6e2 a6 27. Na4
Rb8 28. Nb6 Rf7 29. Ng5 Rf5 30. Re4 Rxg5 31. Re7+ Bxe7 32. Rxe7+ Kg8 33. Rxc7
Rf5 34. Rd7 Rf6 35. f4 h6 36. Kh3 1/2-1/2

[Event "17. Obert Int. Sant Marti 2015 - B"]
[Site "Barcelona ESP"]
[Date "2015.07.16"]
[Round "4.28"]
[White "Moysen Cortes, Jessica"]
[Black "Alquezar Calpena, Marc"]
[Result "1-0"]
[WhiteElo "1961"]
[BlackElo "1907"]
[PlyCount "55"]
[EventDate "2015.07.13"]
[EventType "swiss"]
[EventRounds "9"]
[EventCountry "ESP"]
[SourceTitle "Ajedrez en Madrid"]
[Source "lmi"]
[SourceDate "2015.07.13"]
[SourceVersion "1"]
[SourceVersionDate "2019.06.21"]
[SourceQuality "1"]

1. e4 Nf6 2. e5 Nd5 3. c4 Nb6 4. d4 d6 5. f4 dxe5 6. fxe5 Nc6 7. Be3 Bf5 8. Nc3
e6 9. a3 Qd7 10. g4 Bg6 11. Nf3 O-O-O 12. b4 f6 13. exf6 gxf6 14. Qd2 e5 15. d5
Qxg4 16. Qf2 Ne7 17. Rg1 Qf5 18. Rd1 Bh5 19. Rg3 e4 20. Bh3 Bxf3 21. Bxf5+ Nxf5
22. Rxf3 exf3 23. Bxb6 axb6 24. Qxf3 Re8+ 25. Kf2 Nd6 26. Re1 Rxe1 27. Kxe1 Bg7
28. Qg4+ 1-0

[Event "17. Obert Int. Sant Marti 2015 - B"]
[Site "Barcelona ESP"]
[Date "2015.07.16"]
[Round "4.29"]
[White "Cervera Lopez, Miguel"]
[Black "Perez Cuadrado, Eduardo"]
[Result "1-0"]
[WhiteElo "1831"]
[BlackElo "1960"]
[PlyCount "57"]
[EventDate "2015.07.13"]
[EventType "swiss"]
[EventRounds "9"]
[EventCountry "ESP"]
[SourceTitle "Ajedrez en Madrid"]
[Source "lmi"]
[SourceDate "2015.07.13"]
[SourceVersion "1"]
[SourceVersionDate "2019.06.21"]
[SourceQuality "1"]

1. e4 d5 2. exd5 Nf6 3. c4 c6 4. Nc3 cxd5 5. cxd5 Nxd5 6. Qf3 e6 7. a3 Nc6 8.
Bb5 Be7 9. Nge2 O-O 10. Bxc6 bxc6 11. O-O Ba6 12. Re1 Qc7 13. d4 Bd6 14. Nxd5
cxd5 15. g3 Rab8 16. b4 Rbc8 17. Be3 Qd7 18. Nf4 Bxf4 19. Bxf4 Rc4 20. Rec1
Rfc8 21. Rxc4 Rxc4 22. Be3 Qa4 23. Qf4 Rxb4 24. Qd6 Qa5 25. Qxb4 Qc7 26. Bf4
Qc8 27. Qb8 h6 28. Qxc8+ Bxc8 29. Rc1 1-0

[Event "17. Obert Int. Sant Marti 2015 - B"]
[Site "Barcelona ESP"]
[Date "2015.07.16"]
[Round "4.30"]
[White "Serra Vilaro, Agusti"]
[Black "Branca, Colin"]
[Result "0-1"]
[WhiteElo "1953"]
[BlackElo "1850"]
[PlyCount "84"]
[EventDate "2015.07.13"]
[EventType "swiss"]
[EventRounds "9"]
[EventCountry "ESP"]
[SourceTitle "Ajedrez en Madrid"]
[Source "lmi"]
[SourceDate "2015.07.13"]
[SourceVersion "1"]
[SourceVersionDate "2019.06.21"]
[SourceQuality "1"]

1. d4 d5 2. c3 Nf6 3. e3 Bf5 4. Qb3 Qc8 5. Nd2 e6 6. f4 c5 7. Ndf3 Nc6 8. Bb5
a6 9. Bxc6+ bxc6 10. Ne5 Nd7 11. Ngf3 Nxe5 12. fxe5 Be7 13. O-O O-O 14. Bd2 Rb8
15. Qa3 Qb7 16. b4 c4 17. Qa5 Ra8 18. a3 Bc2 19. Rfc1 Bb3 20. Be1 Bd8 21. Qc5
Bb6 22. Qd6 Rfd8 23. Qxd8+ Bxd8 24. Nd2 a5 25. Rab1 axb4 26. Nxb3 cxb3 27. Rxb3
Rxa3 28. Rxb4 Qc7 29. Rcb1 h6 30. Rb7 Qc8 31. Rb8 Qc7 32. R8b7 Qa5 33. c4 Qa4
34. Rb8 Qc2 35. R1b2 Qc1 36. Rxd8+ Kh7 37. Re2 Rxe3 38. Kf2 Rxe2+ 39. Kxe2
Qxc4+ 40. Ke3 Qc1+ 41. Ke2 Qc2+ 42. Kf1 Qd3+ 0-1

[Event "17. Obert Int. Sant Marti 2015 - B"]
[Site "Barcelona ESP"]
[Date "2015.07.16"]
[Round "4.31"]
[White "Willen, Ronny"]
[Black "Martinez Navarro, Miquel"]
[Result "1-0"]
[WhiteElo "1950"]
[BlackElo "1781"]
[PlyCount "103"]
[EventDate "2015.07.13"]
[EventType "swiss"]
[EventRounds "9"]
[EventCountry "ESP"]
[SourceTitle "Ajedrez en Madrid"]
[Source "lmi"]
[SourceDate "2015.07.13"]
[SourceVersion "1"]
[SourceVersionDate "2019.06.21"]
[SourceQuality "1"]

1. e4 e5 2. Nf3 d6 3. d4 exd4 4. Nxd4 Nf6 5. Nc3 Bg4 6. f3 Bh5 7. Bc4 h6 8. Bb3
Nbd7 9. O-O Nc5 10. Bc4 c6 11. a4 a5 12. Be3 Ncd7 13. Qd2 Ne5 14. Ba2 Bg6 15.
Rfe1 Be7 16. Qe2 Qd7 17. h3 O-O 18. f4 Neg4 19. hxg4 Nxe4 20. Nxe4 Bxe4 21. f5
Rae8 22. Qf2 Bf6 23. c3 d5 24. Bf4 Kh7 25. Rad1 Re7 26. Bb1 Rfe8 27. Bxe4 Rxe4
28. Rxe4 Rxe4 29. Re1 Qe8 30. Rxe4 Qxe4 31. Qe3 Qb1+ 32. Qc1 Qe4 33. Nf3 Qxa4
34. g5 hxg5 35. Bxg5 Qe4 36. Qf4 Qb1+ 37. Kh2 Qxb2 38. Qh4+ Kg8 39. Bxf6 gxf6
40. Qxf6 Qe2 41. Qh6 Qe4 42. Qg5+ Kf8 43. Kh3 a4 44. Qd8+ Qe8 45. Qd6+ Kg7 46.
f6+ Kg6 47. Ne5+ Kf5 48. g4+ Kg5 49. Nf3+ Kg6 50. Qf4 Qe6 51. Qg5+ Kh7 52. Qg7#
1-0